000 00452nam a2200169Ia 4500
008 210210b2004 xxu||||| |||| 00| 0 eng d
020 _a81 8054 169 X
082 _a658.15 MAHF
100 _aMAHESHWARI (S N).
245 _aFundamentals of financial management. Ed 3.
250 _a
260 _aNew Delhi
_bSultan Chand & Sons
_c2004
300 _axiv,678
650 _aFinancial Management
690 _aFinancial Management
906 _a059627
999 _c106545
_d106545